| 000 | 01683nam0a22003251 4500 | ||
|---|---|---|---|
| 001 | rc\2773252 | ||
| 005 | 20250806204454.0 | ||
| 035 | _a(NLR Aleph) 006899583 | ||
| 090 |
_a28640 _c28640 |
||
| 100 | _a20110915d1941 u y0rusy50 ca | ||
| 101 | 0 | _arus | |
| 102 | _aRU | ||
| 105 | _aa z ||||| | ||
| 200 | 1 |
_aПравила безопасности при устройстве и обслуживании почтовых предприятий _fСоставители: инженеры А. И. Парфиянович, В. Б. Асланов, М. К. Тарновский и др. _g[Разработаны Лабораторией охраны труда совместно с Центр. упр. почтовой связи НКСвязи] _gНар. ком. связи СССР |
|
| 210 |
_aМосква _cСвязьиздат _d1941 |
||
| 215 |
_a48 с. _cил. _d21 см. |
||
| 300 | _aНа 2-й стр. указаны составители: инженеры А. И. Парфиянович, В. Б. Асланов, М. К. Тарновский и др. | ||
| 320 | _aБиблиогр.: с. 47 | ||
| 702 | 1 |
_aТарновский _bМ.К. _4220 |
|
| 702 | 1 |
_aПарфиянович _bА.И. _gАлександр Иванович _4220 |
|
| 702 | 1 |
_aАсланов _bВ.Б. _4220 |
|
| 712 | 0 | 1 |
_aСССР _bНародный ком. связи _bЛаборатория труда |
| 712 | 0 | 1 |
_aСССР _bЦентральное упр. почтовой связи |
| 801 | 0 |
_aRU _bNLR _gpsbo |
|
| 801 | 1 |
_aRU _bELAR _2rusmarc |
|
| 852 |
_aNLR _jТ94 Г-4/22 |
||
| 942 | _cBOOK | ||
| 945 | _aРоссийская национальная библиотека | ||
| 980 | _aNB | ||
| 980 | _aBV | ||